000 00451cam a2200193ua 4500
001 2420
008 140722n ii |||gr||||Z||||||asm
020 _a81-7339-078-9
040 _cMAIN
082 _a398.054162
100 _aGogoi, Lila,
245 _aAsamar sanskriti
_cby Lila Gogoi
250 _a5th.
260 _aDibrugarh:
_bBanalata,994.
300 _a224p:
_bill;
_c23cm.
653 _aFolklore
653 _aAssamese culture
942 _cBK
999 _c2277
_d2277